| 000 | 00647nam a22001937a 4500 | ||
|---|---|---|---|
| 003 | BD-DhUL | ||
| 005 | 20180522113347.0 | ||
| 008 | 180522s1955 ii ||||| |||| 00| 0 ben d | ||
| 040 |
_aBD-DhUL _cBD-DhUL |
||
| 082 |
_a891.443 _bBHG |
||
| 100 | 1 | _aভট্ট, বিভূতি ভূষণ | |
| 245 | 0 | 0 |
_aগ্রন্থাবলী / _cবিভূতি ভূষণ ভট্ট |
| 260 |
_aকলকাতা : _bআনন্দ, _c১৯৫৫। |
||
| 300 |
_a৩৬১ পৃ. ; _c২১ সেমি.। |
||
| 365 |
_aIRS _b100 |
||
| 650 | 4 | _aবাংলা উপন্যাস | |
| 650 | 4 | _aBengali fiction | |
| 942 |
_2ddc _cBK |
||
| 999 |
_c241442 _d241442 |
||